Вера изгоев: роман

Bibliografische gegevens
Hoofdauteur: Эльтеррус И. Иар
Samenvatting:Как порой хочется немного любви и тепла, но тебе они не даны. Тебе дан только долг. Особенно если ты — Палач. Миры ложатся под ноги, но нужно ли это тебе самому? Вряд ли. Тебе давно все безразлично. Но долг есть долг, с ним не поспоришь. И ты идешь, тысячелетие за тысячелетием, пока на дороге не попадается маленькая такая, голубая планета. Земля. Планета, заставившая ожить твою мертвую душу. Планета, давшая тебе надежду на покой. Не на любовь, нет, на покой. Хотя бы. Но и ради этого тебе придется сначала вырастить себе смену, ведь на Земле родился новый Палач...
Taal:Russisch
Gepubliceerd in: Москва, Армада, 2006
Reeks:Магия фэнтези
Onderwerpen:
Formaat: MixedMaterials Boek
KOHA link:https://koha.lib.tpu.ru/cgi-bin/koha/opac-detail.pl?biblionumber=108098

MARC

LEADER 00000nam0a2200000 4500
001 108098
005 20231031115523.0
010 |a 5935567504 
035 |a (RuTPU)RU\TPU\book\116691 
090 |a 108098 
100 |a 20070115d2006 m y0rusy50 ca 
101 0 |a rus 
102 |a RU 
105 |a y z 000ay 
200 1 |a Вера изгоев  |e роман  |f И. Эльтеррус 
210 |a Москва  |c Армада  |d 2006 
215 |a 406 с. 
225 1 |a Магия фэнтези 
330 |a Как порой хочется немного любви и тепла, но тебе они не даны. Тебе дан только долг. Особенно если ты — Палач. Миры ложатся под ноги, но нужно ли это тебе самому? Вряд ли. Тебе давно все безразлично. Но долг есть долг, с ним не поспоришь. И ты идешь, тысячелетие за тысячелетием, пока на дороге не попадается маленькая такая, голубая планета. Земля. Планета, заставившая ожить твою мертвую душу. Планета, давшая тебе надежду на покой. Не на любовь, нет, на покой. Хотя бы. Но и ради этого тебе придется сначала вырастить себе смену, ведь на Земле родился новый Палач... 
610 1 |a русская литература 
610 1 |a романы 
610 1 |a фантастика 
610 1 |a фэнтези 
675 |a Р2  |v 3 
700 1 |a Эльтеррус  |b И.  |g Иар 
801 1 |a RU  |b 63413507  |c 20070115  |g PSBO 
801 2 |a RU  |b 63413507  |c 20070124  |g PSBO 
942 |c BK